Pick the wrong answer: Uses of Greek letters in Science/ Math - Statistics

General Stats
  • This quiz has been taken 8 times
  • The average score is 5 of 15
Answer Stats
Question Answer % Correct
Lowercase Sigma; σ "Sum of"
71%
Lowercase Alpha; α Symbol for the Golden Ratio
71%
Lowercase Beta, β Symbol for the enthalpy of a chemical reaction
57%
Lowercase Zeta; ζ Symbol for elasticity
43%
Uppercase/ Lowercase Pi; π, Π Symbol for gravitational acceleration
43%
Lowercase Theta; θ Symbol for the slope of a linear graph
43%
Lowercase Tau; τ Tau protein;
43%
Lowercase Mu; μ The rate constant of a chemical reaction
43%
Lowercase Gamma, γ Symbol for the median of a data set
29%
Uppercase Phi; Φ Denotes the phi bond; or a type of covalent interaction with a triple bond.
14%
Uppercase Delta; Δ Jerk; the acceleration of acceleration
14%
Uppercase/Lowercase Psi; Ψ, ψ Magnetic Force
14%
Lowercase Lambda; λ The half-life of a radioactive particle
14%
Lowercase Omega; ω Denotes unfilled electron orbitals
0%
Lowercase Epsilon; ε Symbol for electrons
0%
No matching quizzes found
Score Distribution
Percent of People with Each Score
Percentile by Number Answered
Your Score History
You have not taken this quiz